La Speranza: attesa di un eterno gi donato Commenti all'enciclica spe salvi di Benedetto XVI

Enregistré dans:
Détails bibliographiques
Auteur principal: Giovanni Russo
Format: Livre
Langue:langue indéterminée
Publié: Elledici
Tags: Ajouter un tag
Pas de tags, Soyez le premier à ajouter un tag!

MARC

LEADER 00000nam a2200000Ia 4500
001 R-54
003 CODICE-MESSINA
005 20260212102446.0
008 260211s9999 xx 000 0 und d
040 |c importazione_messina 
100 |a Giovanni Russo 
245 0 |a La Speranza: attesa di un eterno gi donato 
245 0 |b Commenti all'enciclica spe salvi di Benedetto XVI 
260 |b Elledici 
942 |2 ddc  |c BK 
952 |0 0  |1 0  |2 ddc  |4 0  |6 SCAFFALE_1_000000000000000__RELIGIONE  |7 0  |9 30871  |a ME  |b ME  |d 2026-02-11  |l 0  |o SCAFFALE 1 - RELIGIONE  |p R-54  |r 2026-02-11 23:52:11  |w 2026-02-11  |x [REVISIONARE]  |y BK 
999 |c 26535  |d 26535